Miasta z końcówką -bork - Statystyki

Ogólne statystyki
  • Ten quiz został rozwiązany 836 razy
  • Średni wynik to 3 z 5
Statystyki odpowiedzi
Województwo Nazwa niemiecka Liczba ludności Miasto % Poprawnych
pomorskie Marienburg 38 723 Malbork
93%
warmińsko-mazurskie Frauenburg 2 415 Frombork
66%
opolskie Kreuzburg 23 554 Kluczbork
53%
pomorskie Lauenburg 35 413 Lębork
43%
kujawsko-pomorskie Vandsburg 5 969 Więcbork
15%
Nie znaleziono quizów pasujących do podanych kryteriów
Rozkład punktacji
Procent ludzi z każdym wynikiem
Percentyl według liczby udzielonych odpowiedzi
Twoja historia wyników
Nie rozwiązałeś tego quizu